LIBRARY & INFORMATION CENTRE, KCAET, TAVANUR

ONLINE PUBLIC ACCESS CATALOGUE (OPAC)

Tata McGraw-Hill`s General Studies Manual for the UPSC Civil Sevices Preliminary Examination-2000 / (Record no. 9005)

MARC details
000 -LEADER
fixed length control field 00384cam a2200121ua 4500
020 ## - INTERNATIONAL STANDARD BOOK NUMBER
ISBN 0-07-0463949-8
082 ## - DEWEY DECIMAL CLASSIFICATION NUMBER
Classification number 001.
Item number TAR/TA
100 ## - MAIN ENTRY--AUTHOR NAME
Personal name Tara, Chand .
245 00 - TITLE STATEMENT
Title Tata McGraw-Hill`s General Studies Manual for the UPSC Civil Sevices Preliminary Examination-2000 /
260 ## - PUBLICATION, DISTRIBUTION, ETC. (IMPRINT)
Place of publication New Delhi :
Name of publisher Tata Mc-Graw Hill Publishing Company ,
Year of publication 2000.
300 ## - PHYSICAL DESCRIPTION
Number of Pages ; .
942 ## - ADDED ENTRY ELEMENTS (KOHA)
Koha item type Reference
Holdings
Withdrawn status Lost status Damaged status Collection code Home library Current library Shelving location Date acquired Full call number Accession Number Koha item type
      Reference KAUAET KAUAET Reference 07/04/2012 001.TAR/TA 20340 Reference
free website counter